000 00586nam a2200229Ia 4500
001 dia_7746
003 CHAP
008 220117s1979 xx 000 0 und d
010 _a179209
040 _cCHAP
090 _aF 1006 1979
110 2 _aUniversidad Autónoma Chapingo
_9143749
245 _aReglamento académico de alumnos
260 _aMéxico :
_b UACh. Dirección Académica,
_c1979
300 _a38 p.
901 _aF 1006 1979
902 _aM
905 _a5232271979 MX 8223223322SPA16
942 _c12
942 _c12
999 _c179209
_d179209